Giáo trình kinh tế hải quan
Tổng quan về thuế. Thuế quan trọng trong hội nhập kinh tế quốc tế. Trị giá hải quan. Thuế xuất khẩu hàng hoá. Thuế giá trị gia tăng và thuế tiêu thụ đặc biệt. Miễn giảm thuế hoàn thuế, truy thu thuế. Nghĩa vụ thu thuế. Quản lý trong nền k...
Zapisane w:
| 1. autor: | |
|---|---|
| Format: | Książka |
| Język: | Undetermined |
| Wydane: |
Hà Nội
Đại học Kinh tế Quốc dân
2009
|
| Hasła przedmiotowe: | |
| Etykiety: |
Dodaj etykietę
Nie ma etykietki, Dołącz pierwszą etykiete!
|
| Thư viện lưu trữ: | Trung tâm Học liệu Trường Đại học Cần Thơ |
|---|
| LEADER | 01031nam a2200205Ia 4500 | ||
|---|---|---|---|
| 001 | CTU_163624 | ||
| 008 | 210402s9999 xx 000 0 und d | ||
| 020 | |c 35000 | ||
| 082 | |a 382.7071 | ||
| 082 | |b Th121/P.2 | ||
| 100 | |a Hoàng, Đức Thân | ||
| 245 | 0 | |a Giáo trình kinh tế hải quan | |
| 245 | 0 | |c Chủ biên Hoàng Đức Thân | |
| 260 | |a Hà Nội | ||
| 260 | |b Đại học Kinh tế Quốc dân | ||
| 260 | |c 2009 | ||
| 520 | |a Tổng quan về thuế. Thuế quan trọng trong hội nhập kinh tế quốc tế. Trị giá hải quan. Thuế xuất khẩu hàng hoá. Thuế giá trị gia tăng và thuế tiêu thụ đặc biệt. Miễn giảm thuế hoàn thuế, truy thu thuế. Nghĩa vụ thu thuế. Quản lý trong nền kinh tế | ||
| 650 | |a Tariff,Thuế quan,Customs administration,Quản lý hải quan | ||
| 904 | |i Đoan Trang, Trọng Hiếu | ||
| 980 | |a Trung tâm Học liệu Trường Đại học Cần Thơ | ||